L'organization socialiste de la France (Record no. 84045)

MARC details
000 -LEADER
campo de control de longitud fija 00501nam a2200169 i 4500
001 - NÚMERO DE CONTROL
campo de control 84045
003 - IDENTIFICADOR DE NÚMERO DE CONTROL
campo de control ES-MaACL
005 - FECHA Y HORA DE LA ÚLTIMA TRANSACCIÓN
campo de control 20251015063106.0
007 - CAMPO FIJO DE DESCRIPCIÓN FÍSICA--INFORMACIÓN GENERAL
campo de control de longitud fija t|
008 - DATOS DE LONGITUD FIJA--INFORMACIÓN GENERAL
campo de control de longitud fija 041119s1915 fr ||||1| fre d
100 1# - ENTRADA PRINCIPAL--NOMBRE DE PERSONA
Nombre de persona Jaurès, Jean,
Fechas asociadas al nombre 1859-1914
9 (RLIN) 66196
245 12 - MENCIÓN DEL TÍTULO
Título L'organization socialiste de la France
Resto del título : l'armee nouvelle /
Mención de responsabilidad, etc. Jean Jaures.
260 ## - PUBLICACIÓN, DISTRIBUCIÓN, ETC.
Lugar de publicación, distribución, etc. Paris :
Nombre del editor, distribuidor, etc. [s.n.,
Fecha de publicación, distribución, etc. 1915] (
Fabricante L'Emancipatrice)
300 ## - DESCRIPCIÓN FÍSICA
Extensión 559 p. ;
Dimensiones 20 cm.
852 ## - LOCALIZACIÓN
Ubicación ES-MaACL
Número de control de estantería F-3135
Holdings
Estatus retirado Estado de pérdida Estado de daño No para préstamo Biblioteca de origen Biblioteca actual Ubicación en estantería Fecha de adquisición Fuente de adquisición Total de préstamos Signatura topográfica completa Código de barras Visto por última vez Precio de reemplazo Tipo de ítem Koha
        Biblioteca del Ateneo de Madrid Biblioteca del Ateneo de Madrid Depósito 2 17/01/2008     F-3135 1087833 23/02/2023 23/02/2023 Libro impreso